| 000 | 00670nam a22001937a 4500 | ||
|---|---|---|---|
| 005 | 20180427165617.0 | ||
| 010 | _aENG-122831 | ||
| 020 |
_a9789386432124 _c2495.00 |
||
| 035 | _aEN-106363 | ||
| 037 | _bDBAD/PUB. | ||
| 082 | _a346.5406648 | ||
| 100 | _aAgarwal, Deepa | ||
| 245 |
_aFinancial reporting requirements and auditor's responsibilities : _cby Deepa Agarwal _bunder companies act, 2013 / |
||
| 250 | _a2nd edn. | ||
| 260 |
_aNew Delhi _bBloomsbury _c2017 |
||
| 270 |
_a2nd Floor, Building No.4, DDA Complex LSC, Pocket-C-6&&, Vasant Kunj, _bNew Delhi _e110070 |
||
| 300 | v |
_axxix, 1548p. _c24cm(pbk) |
|
| 942 |
_2ddc _cEN _mAGA _h346.5406648 |
||
| 999 |
_c151806 _d151806 |
||